| 000 | 00906nam a2200241 i 4500 | ||
|---|---|---|---|
| 001 | 164205 | ||
| 003 | ES-MaACL | ||
| 005 | 20250815062647.0 | ||
| 008 | 960910s1912 sp |||| | spa d | ||
| 040 |
_aCLM _bspa _cCLM |
||
| 080 | _a72(450.341 V.) | ||
| 100 | 0 |
_aRuskin, John, _d1819-1900 _9101026 |
|
| 245 | 1 | 4 |
_aLas piedras de Venecia _b: guía estética de Venecia y de Verona / _cpor John Ruskin. |
| 260 |
_aMadrid : _bLa España Moderna, _c[1912] ( _fImp. de Gabriel L. Horno) |
||
| 300 |
_a339 p. ; _c23 cm. |
||
| 490 | 1 |
_aBiblioteca de jurisprudencia, filosofía e historia ; _v530 |
|
| 596 | _aFecha de cabecera tomada de Palau, t. XVIII, p.170. | ||
| 650 | 0 | 4 |
_aArquitectura- _zVenecia. _9159953 |
| 651 | 4 |
_aVenecia- _xDescripción. _9159952 |
|
| 830 | 0 | 0 |
_aBiblioteca de jurisprudencia, filosofía e historia _v530 _9180691 |
| 852 |
_aES-MaACL _jF-14917 _z- Rúst. |
||
| 999 |
_c164205 _d164205 |
||